[Event "Landesklasse Ost 2013/2014"]
[Site "?"]
[Date "2014.02.02"]
[Round "6"]
[White "Riemer-Nlula, Marion"]
[Black "Senf, Paul"]
[Result "0-1"]
[WhiteElo "1741"]
[BlackElo "1700"]
[PlyCount "80"]
[EventDate "2014.??.??"]
[WhiteTeam "SC Rochade Zeulenroda"]
[BlackTeam "ESV Gera"]

1. e4 c6 2. d4 d5 3. e5 Bf5 4. Nc3 e6 5. Nf3 Nd7 6. Be2 Ne7 7. h3 c5 8. Bg5 h6
9. Nb5 Nxe5 10. Bxe7 Nxf3+ 11. Bxf3 Bxe7 12. O-O O-O 13. Re1 a6 14. Nc3 cxd4
15. Qxd4 Bf6 16. Qb4 Qc7 17. Re2 Rfc8 18. Rae1 Rab8 19. Bh5 Bxc3 20. bxc3 Qxc3
21. Qe7 Qf6 22. Qd7 g6 23. Bf3 Rc6 24. c4 Rxc4 25. Qd6 Qd8 26. Qe5 Rbc8 27. Qb2
b5 28. g4 Bd3 29. Re3 Bc2 30. Re5 Qf6 31. Bxd5 Rf4 32. Bb7 Rcc4 33. R1e2 Bd3
34. R2e3 Rc2 35. Qa3 Bc4 36. Qxa6 Rfxf2 37. Qa8+ Kg7 38. Bg2 Rf1+ 39. Kh2 Qf4+
40. Rg3 Qxe5 0-1

[Event "Landesklasse Ost 2013/2014"]
[Site "?"]
[Date "2014.02.02"]
[Round "6"]
[White "Hilbig, Dieter"]
[Black "Wiedemann, Volker"]
[Result "1/2-1/2"]
[WhiteElo "1894"]
[BlackElo "1822"]
[PlyCount "45"]
[EventDate "2014.??.??"]
[WhiteTeam "ESV Gera"]
[BlackTeam "SC Rochade Zeulenroda"]

1. e4 e6 2. d4 d5 3. Nc3 Bb4 4. exd5 exd5 5. Bd3 Ne7 6. a3 Bd6 7. Qf3 c6 8.
Nge2 Qc7 9. Ng3 Be6 10. Nce2 Nd7 11. c3 O-O-O 12. Bf4 Nf6 13. h3 Rde8 14. O-O
h5 15. b4 h4 16. Bxd6 Qxd6 17. Nf5 Nxf5 18. Bxf5 Bxf5 19. Qxf5+ Qe6 20. Qxe6+
Rxe6 21. Rfe1 Rhe8 22. Kf1 Ne4 23. Rad1 1/2-1/2

[Event "Landesklasse Ost 2013/2014"]
[Site "?"]
[Date "2014.02.02"]
[Round "6"]
[White "Martin, Elvira"]
[Black "Steinmüller, Johannes"]
[Result "1/2-1/2"]
[WhiteElo "1153"]
[BlackElo "1744"]
[PlyCount "28"]
[EventDate "2014.??.??"]
[WhiteTeam "SC Rochade Zeulenroda"]
[BlackTeam "ESV Gera"]

1. e4 c5 2. Bc4 Nc6 3. Nf3 g6 4. a3 Bg7 5. d3 d6 6. h3 Nf6 7. O-O O-O 8. Nbd2
d5 9. exd5 Nxd5 10. Ne4 b6 11. c3 Bb7 12. Rb1 Nf6 13. Ng3 Qd6 14. Ne2 Na5
1/2-1/2

[Event "Landesklasse Ost 2013/2014"]
[Site "?"]
[Date "2014.02.02"]
[Round "6"]
[White "Kupper, Matthias"]
[Black "Blumenstein, Nick"]
[Result "1/2-1/2"]
[WhiteElo "1758"]
[BlackElo "1356"]
[PlyCount "96"]
[EventDate "2014.??.??"]
[WhiteTeam "ESV Gera"]
[BlackTeam "SC Rochade Zeulenroda"]

1. e4 e5 2. Nf3 Nc6 3. Bc4 Bc5 4. O-O d6 5. h3 Nf6 6. d3 h6 7. a3 O-O 8. b4 Bb6
9. Bb2 Be6 10. Nbd2 Ne7 11. Kh2 Ng6 12. g3 Qd7 13. Bxe6 fxe6 14. Nc4 Qc6 15.
Qe2 a6 16. Nxb6 Qxb6 17. c4 Qc6 18. Rae1 Rf7 19. Nd2 Raf8 20. f3 Nh7 21. Kg2
Qd7 22. Rf2 Qe7 23. Nf1 Qg5 24. Bc1 Nf4+ 25. Bxf4 Rxf4 26. Qe3 Qg6 27. Nh2 R4f6
28. Ref1 Qh5 29. f4 exf4 30. Rxf4 Rxf4 31. gxf4 Rf6 32. Rf3 Rg6+ 33. Kf2 Qh4+
34. Kf1 Rf6 35. Ng4 Rf7 36. Ke2 Nf6 37. Nxf6+ Qxf6 38. d4 Kf8 39. Kf2 Qh4+ 40.
Kg2 Kg8 41. d5 exd5 42. cxd5 Qf6 43. e5 dxe5 44. fxe5 Qg6+ 45. Kf2 Rxf3+ 46.
Qxf3 Qc2+ 47. Kg3 Qg6+ 48. Kf2 Qc2+ 1/2-1/2

[Event "Landesklasse Ost 2013/2014"]
[Site "?"]
[Date "2014.02.02"]
[Round "6"]
[White "Albrecht, Jürgen"]
[Black "Buring, Matthias"]
[Result "0-1"]
[WhiteElo "2099"]
[BlackElo "2041"]
[PlyCount "80"]
[EventDate "2014.??.??"]
[WhiteTeam "SSV Vimaria 91 Weimar"]
[BlackTeam "SG Arnstadt-Stadtilm"]

1. d4 d5 2. c4 c6 3. Nc3 e6 4. cxd5 exd5 5. Qc2 Nf6 6. Bg5 Nbd7 7. e3 Be7 8.
Bd3 O-O 9. Nge2 Re8 10. f3 Qa5 11. Bf4 c5 12. O-O-O c4 13. Bf5 b5 14. g4 Nb6
15. e4 b4 16. Nb1 Qxa2 17. e5 b3 18. Qd2 Nfd7 19. Nec3 Nf8 20. Rdg1 Ne6 21. Be3
Bb7 22. Kd1 Bb4 23. Ke2 Qa5 24. Qc1 Nd7 25. f4 a6 26. Kf2 Qb6 27. Ne2 a5 28.
Qf1 a4 29. Qh3 Ndf8 30. Rg3 a3 31. bxa3 Bxa3 32. Rhg1 Bb2 33. Bxe6 Nxe6 34. f5
Nf8 35. g5 Ra2 36. g6 fxg6 37. Kf3 Re7 38. Qh4 Rf7 39. e6 Rxf5+ 40. Nf4 Qxe6
0-1

[Event "Landesklasse Ost 2013/2014"]
[Site "?"]
[Date "2014.02.02"]
[Round "6"]
[White "Sauer, Marko"]
[Black "Vogel, Steffen"]
[Result "1-0"]
[WhiteElo "1977"]
[BlackElo "1821"]
[PlyCount "81"]
[EventDate "2014.??.??"]
[WhiteTeam "SG Arnstadt-Stadtilm"]
[BlackTeam "SSV Vimaria 91 Weimar"]

1. e4 e5 2. Bc4 d6 3. f4 Nf6 4. d3 Nbd7 5. Nf3 Be7 6. Nc3 c6 7. a4 a5 8. O-O
Qc7 9. d4 O-O 10. Kh1 Nb6 11. Be2 exd4 12. Nxd4 Be6 13. b3 Rad8 14. Bb2 Bc8 15.
Qe1 d5 16. e5 Ne8 17. Bd3 Nd7 18. Nf5 Nc5 19. Nxe7+ Qxe7 20. Ba3 b6 21. Qg3 f5
22. Ne2 Qc7 23. Qe3 Qa7 24. Nd4 Qb7 25. e6 Rd6 26. Bxc5 bxc5 27. Nxf5 Rxe6 28.
Qxc5 Qc7 29. Nd4 Ref6 30. f5 Rh6 31. h3 Bd7 32. Ne6 Bxe6 33. fxe6 Rhf6 34. c4
dxc4 35. Rxf6 Rxf6 36. Bxc4 g6 37. Rd1 Rf5 38. e7+ Kg7 39. Qd4+ Kh6 40. Qd8 Re5
41. Qxe8 1-0

[Event "Landesklasse Ost 2013/2014"]
[Site "?"]
[Date "2014.02.02"]
[Round "6"]
[White "Mitter, Frank"]
[Black "Hattendorf, Jens"]
[Result "0-1"]
[WhiteElo "1781"]
[BlackElo "1892"]
[PlyCount "94"]
[EventDate "2014.??.??"]
[WhiteTeam "SSV Vimaria 91 Weimar"]
[BlackTeam "SG Arnstadt-Stadtilm"]

1. d4 Nf6 2. c4 d6 3. Nf3 Nbd7 4. Nc3 e5 5. dxe5 dxe5 6. g3 Bc5 7. Bg2 c6 8.
O-O Qc7 9. a3 a5 10. b3 O-O 11. e3 Re8 12. Qc2 Nf8 13. Bb2 Bg4 14. Na4 Ba7 15.
c5 Rad8 16. b4 axb4 17. axb4 Nd5 18. Qc4 e4 19. Ng5 f5 20. Nc3 Bb8 21. b5 Qe7
22. bxc6 bxc6 23. Nh3 Ng6 24. Nf4 Ne5 25. Ncxd5 cxd5 26. Nxd5 Nxc4 27. Nxe7+
Rxe7 28. Bd4 Nd2 29. Rfe1 Nb3 30. Rab1 Nxd4 31. exd4 Red7 32. h3 Bh5 33. g4
fxg4 34. hxg4 Bxg4 35. Bxe4 Rxd4 36. f3 Bh3 37. c6 Ba7 38. Kh2 Bc8 39. Rec1
Rd2+ 40. Kg3 Bf2+ 41. Kg2 Bb6+ 42. Kh1 Bc7 43. Ra1 Rh2+ 44. Kg1 Rdd2 45. Rcb1
Be5 46. f4 Bd4+ 47. Kf1 Bh3+ 0-1

[Event "Landesklasse Ost 2013/2014"]
[Site "?"]
[Date "2014.02.02"]
[Round "6"]
[White "Jank, Kevin"]
[Black "Petigk, Falk"]
[Result "1-0"]
[WhiteElo "1625"]
[BlackElo "1713"]
[PlyCount "79"]
[EventDate "2014.??.??"]
[WhiteTeam "SG Arnstadt-Stadtilm"]
[BlackTeam "SSV Vimaria 91 Weimar"]

1. e4 c5 2. Nf3 d6 3. c3 Nf6 4. d3 Nc6 5. h3 a6 6. Be3 g6 7. Nbd2 Bg7 8. Be2
O-O 9. Nf1 b5 10. Qd2 Bb7 11. Ng3 Nd7 12. h4 Nde5 13. Nxe5 Nxe5 14. h5 d5 15.
hxg6 fxg6 16. Bh6 Nf7 17. Bxg7 Kxg7 18. e5 e6 19. d4 Qe7 20. O-O-O b4 21. cxb4
cxd4 22. Qxd4 h6 23. Bd3 Qg5+ 24. Kb1 Qxe5 25. Qg4 Ng5 26. f3 Rf4 27. Nh5+ gxh5
28. Qxh5 Qf6 29. Rc1 Rf8 30. a3 e5 31. Rc5 e4 32. fxe4 dxe4 33. Bc4 Rc8 34. Rd1
Rxc5 35. Rd7+ Kf8 36. bxc5 Bc8 37. Rd6 Be6 38. Bxe6 Nxe6 39. Qd5 Rf2 40. Rb6
1-0

[Event "Landesklasse Ost 2013/2014"]
[Site "?"]
[Date "2014.02.02"]
[Round "6"]
[White "Philipp, Mathias"]
[Black "Widmann, Benjamin"]
[Result "1/2-1/2"]
[WhiteElo "1638"]
[BlackElo "1850"]
[PlyCount "28"]
[EventDate "2014.??.??"]
[WhiteTeam "SSV Vimaria 91 Weimar"]
[BlackTeam "SG Arnstadt-Stadtilm"]

1. e4 c5 2. c3 Nc6 3. Nf3 g6 4. d4 cxd4 5. cxd4 d5 6. exd5 Qxd5 7. Nc3 Qd8 8.
Be3 Bg7 9. Bb5 Bd7 10. O-O Nf6 11. d5 Nb8 12. Re1 O-O 13. Qb3 b6 14. Rad1 Bxb5
1/2-1/2

[Event "Landesklasse Ost 2013/2014"]
[Site "?"]
[Date "2014.02.02"]
[Round "6"]
[White "Bächer, Reinhard"]
[Black "Schmidt, Stephan"]
[Result "1/2-1/2"]
[WhiteElo "1839"]
[BlackElo "1639"]
[PlyCount "94"]
[EventDate "2014.??.??"]
[WhiteTeam "SG Arnstadt-Stadtilm"]
[BlackTeam "SSV Vimaria 91 Weimar"]

1. d4 e6 2. c4 d5 3. Nc3 Nf6 4. Nf3 c5 5. Bg5 Be7 6. cxd5 Nxd5 7. Bxe7 Qxe7 8.
e3 Nxc3 9. bxc3 O-O 10. Bd3 Nd7 11. Qc2 h6 12. O-O Rb8 13. Rab1 b6 14. Qa4 Bb7
15. e4 Ra8 16. Rfe1 Qd6 17. Bb5 Rfd8 18. e5 Qe7 19. Re3 Nf8 20. dxc5 Qxc5 21.
Nd4 a6 22. Be2 b5 23. Qa5 Ng6 24. Nb3 Qe7 25. Qb6 Rab8 26. Qc5 Qg5 27. Rg3 Qxe5
28. Qxe5 Nxe5 29. Nc5 Rd2 30. Re3 Ng6 31. a4 Nf4 32. Bf3 Bxf3 33. Rxf3 Rbd8 34.
h3 Rd1+ 35. Rxd1 Rxd1+ 36. Kh2 Nd5 37. Nxa6 bxa4 38. c4 Ne7 39. Ra3 Rd4 40.
Rxa4 Nc6 41. Nc7 Kh7 42. Nb5 Rf4 43. Kg3 g5 44. f3 Ne5 45. Na3 Kg6 46. Kf2 Kf6
47. Ke3 h5 1/2-1/2

[Event "Landesklasse Ost 2013/2014"]
[Site "?"]
[Date "2014.02.02"]
[Round "6"]
[White "Plontke, Ingo"]
[Black "Pecher, Peter"]
[Result "1/2-1/2"]
[WhiteElo "1905"]
[BlackElo "1383"]
[PlyCount "22"]
[EventDate "2014.??.??"]
[WhiteTeam "SSV Vimaria 91 Weimar"]
[BlackTeam "SG Arnstadt-Stadtilm"]

1. e4 d6 2. d4 Nf6 3. Nc3 g6 4. Nf3 Bg7 5. Bg5 Bg4 6. Be2 O-O 7. Qd2 Nbd7 8. h3
Bxf3 9. gxf3 c5 10. d5 a6 11. Bh6 b5 1/2-1/2

[Event "Landesklasse Ost 2013/2014"]
[Site "?"]
[Date "2014.02.02"]
[Round "6"]
[White "Taudte, Stefan"]
[Black "Sunderbrink, Heino"]
[Result "1/2-1/2"]
[WhiteElo "1977"]
[BlackElo "1968"]
[PlyCount "56"]
[EventDate "2014.??.??"]
[WhiteTeam "SV Empor Erfurt"]
[BlackTeam "SV Medizin Erfurt"]

1. d4 d5 2. c4 e6 3. Nf3 Nf6 4. Bg5 Be7 5. Nc3 c6 6. c5 Nbd7 7. b4 O-O 8. e3
Re8 9. Be2 Nf8 10. Ne5 N6d7 11. Bxe7 Qxe7 12. Nxd7 Bxd7 13. b5 e5 14. O-O exd4
15. exd4 Ne6 16. Qd2 Qf6 17. Rfd1 Nf4 18. bxc6 bxc6 19. Bf1 g5 20. Rab1 Bf5 21.
Rb7 Re7 22. Rxe7 Qxe7 23. Re1 Ne6 24. Re5 Qf6 25. Qe3 Rb8 26. Ne2 Bg6 27. h4 h6
28. hxg5 hxg5 1/2-1/2

[Event "Landesklasse Ost 2013/2014"]
[Site "?"]
[Date "2014.02.02"]
[Round "6"]
[White "Zeuner, Ulrich"]
[Black "Schmuck, Helmut"]
[Result "1-0"]
[WhiteElo "1970"]
[BlackElo "1957"]
[PlyCount "47"]
[EventDate "2014.??.??"]
[WhiteTeam "SV Medizin Erfurt"]
[BlackTeam "SV Empor Erfurt"]

1. b3 c5 2. Nf3 d5 3. e4 e6 4. exd5 exd5 5. Bb2 Nc6 6. Bb5 Qe7+ 7. Be2 Be6 8.
O-O O-O-O 9. d4 Qf6 10. Nc3 c4 11. bxc4 dxc4 12. d5 Bxd5 13. Qc1 Be6 14. Ng5
Nd4 15. Nxe6 Qxe6 16. Re1 Qg6 17. Qe3 Nxc2 18. Qxa7 Nxe1 19. Qa8+ Kc7 20. Qa5+
b6 21. Qa7+ Kc6 22. Rxe1 Bc5 23. Bf3+ Kd6 24. Nb5# 1-0

[Event "Landesklasse Ost 2013/2014"]
[Site "?"]
[Date "2014.02.02"]
[Round "6"]
[White "Michalowski, Peter"]
[Black "Kube, Hannelore"]
[Result "1-0"]
[WhiteElo "1948"]
[BlackElo "1820"]
[PlyCount "81"]
[EventDate "2014.??.??"]
[WhiteTeam "SV Empor Erfurt"]
[BlackTeam "SV Medizin Erfurt"]

1. e4 e5 2. Nf3 Nc6 3. d4 exd4 4. Nxd4 Bc5 5. Be3 Bxd4 6. Bxd4 Nxd4 7. Qxd4 Qf6
8. e5 Qb6 9. Qxb6 axb6 10. Bc4 Ra5 11. f4 f6 12. exf6 Nxf6 13. Nc3 c6 14. O-O
d5 15. Rfe1+ Kd8 16. Bd3 Bd7 17. a3 Re8 18. h3 c5 19. g4 c4 20. Bf1 Bc6 21.
Rxe8+ Kxe8 22. Rd1 h6 23. Bg2 g5 24. f5 Kf7 25. Kf2 h5 26. Bf3 hxg4 27. hxg4
Ne4+ 28. Bxe4 dxe4 29. Rd4 Re5 30. Ke3 b5 31. Rd6 Re8 32. Rh6 Rg8 33. Nxe4 Re8
34. Re6 Bxe4 35. Rxe8 Kxe8 36. Kxe4 Ke7 37. Ke5 b6 38. Kd5 Kd7 39. Ke5 Ke7 40.
f6+ Kf7 41. Kf5 1-0

[Event "Landesklasse Ost 2013/2014"]
[Site "?"]
[Date "2014.02.02"]
[Round "6"]
[White "Rost, Detlef"]
[Black "Wahlicht, Mike"]
[Result "1-0"]
[WhiteElo "1885"]
[BlackElo "1821"]
[PlyCount "117"]
[EventDate "2014.??.??"]
[WhiteTeam "SV Medizin Erfurt"]
[BlackTeam "SV Empor Erfurt"]

1. d4 Nf6 2. c4 e6 3. Nf3 Bb4+ 4. Bd2 Qe7 5. g3 Nc6 6. Bg2 O-O 7. O-O Bxd2 8.
Nbxd2 e5 9. d5 Nb8 10. e4 d6 11. Qc2 a5 12. Ne1 Bg4 13. f3 Bh5 14. Nd3 Na6 15.
Rae1 Nd7 16. Kh1 Nac5 17. Nc1 g5 18. Ne2 Rae8 19. Bh3 Bg6 20. Rf2 Nf6 21. g4
Kg7 22. Ng3 h5 23. gxh5 Nxh5 24. Nxh5+ Bxh5 25. Nf1 Rh8 26. Ng3 Qf6 27. Nf5+
Kf8 28. Rg1 Bg6 29. Bg4 Bxf5 30. Bxf5 Rh4 31. Qd2 Rf4 32. Rg3 Qh6 33. Rfg2 f6
34. Qxa5 b6 35. Qd2 Rh4 36. b4 Nb7 37. Rg4 Rxg4 38. Rxg4 Ke7 39. Rg3 Rh8 40.
Rh3 Qg7 41. Qg2 Nd8 42. Qg4 Rxh3 43. Qxh3 Nf7 44. Qh7 Qxh7 45. Bxh7 Nd8 46. Bf5
c6 47. Kg2 c5 48. a3 cxb4 49. axb4 Nf7 50. Kf2 Nh6 51. Ke3 Kd8 52. Be6 Kc7 53.
Kd3 Kd8 54. Kc3 Ke7 55. Kb3 f5 56. exf5 Kf6 57. c5 dxc5 58. bxc5 bxc5 59. h3
1-0

[Event "Landesklasse Ost 2013/2014"]
[Site "?"]
[Date "2014.02.02"]
[Round "6"]
[White "Nicolai, Tim"]
[Black "Eger, Axel"]
[Result "1/2-1/2"]
[WhiteElo "1648"]
[BlackElo "1847"]
[PlyCount "46"]
[EventDate "2014.??.??"]
[WhiteTeam "SV Empor Erfurt"]
[BlackTeam "SV Medizin Erfurt"]

1. e4 e6 2. d4 d5 3. Nc3 dxe4 4. Nxe4 Nd7 5. Nf3 Ngf6 6. Bd3 Be7 7. O-O O-O 8.
Bd2 b6 9. c3 Bb7 10. Qc2 Nxe4 11. Bxe4 Bxe4 12. Qxe4 Nf6 13. Qe2 Qd5 14. c4 Qh5
15. Bf4 Bd6 16. Bg3 Bxg3 17. fxg3 Rad8 18. Rad1 Rd6 19. Qe5 Rfd8 20. Qxh5 Nxh5
21. Rd2 Nf6 22. Rfd1 Ne4 23. Rd3 Nc5 1/2-1/2

[Event "Landesklasse Ost 2013/2014"]
[Site "?"]
[Date "2014.02.02"]
[Round "6"]
[White "Knorre, Jonas"]
[Black "Strauch, Martin"]
[Result "1-0"]
[WhiteElo "1642"]
[BlackElo "1770"]
[PlyCount "65"]
[EventDate "2014.??.??"]
[WhiteTeam "SV Medizin Erfurt"]
[BlackTeam "SV Empor Erfurt"]

1. e4 d6 2. d4 Nf6 3. Nc3 g6 4. Bc4 Bg7 5. Nf3 O-O 6. Bb3 c5 7. dxc5 Qa5 8. O-O
Qxc5 9. Be3 Qa5 10. Qe2 Nc6 11. Rfd1 Ng4 12. Bd2 Nd4 13. Nxd4 Bxd4 14. Rf1 Qe5
15. g3 Nf6 16. Rfe1 Bg4 17. Qd3 Rac8 18. Kg2 a6 19. f4 Qc5 20. Na4 Qa7 21. c3
Bf2 22. Rf1 b5 23. Rxf2 Bh3+ 24. Kxh3 Qxf2 25. Be3 Qf3 26. Nb6 Rc5 27. Nd5 Nxd5
28. exd5 e5 29. Rf1 Qh5+ 30. Kg2 Rc7 31. Bd1 e4 32. Qxe4 Rc4 33. Qxc4 1-0

[Event "Landesklasse Ost 2013/2014"]
[Site "?"]
[Date "2014.02.02"]
[Round "6"]
[White "Quednau, Klaus"]
[Black "Stumm, Rainer"]
[Result "1/2-1/2"]
[WhiteElo "1935"]
[BlackElo "1599"]
[PlyCount "80"]
[EventDate "2014.??.??"]
[WhiteTeam "SV Empor Erfurt"]
[BlackTeam "SV Medizin Erfurt"]

1. d4 e6 2. c4 f5 3. Nc3 Nf6 4. Bg5 Be7 5. e3 b6 6. Bd3 Bb7 7. Nf3 Nc6 8. a3
O-O 9. Qc2 Qe8 10. O-O-O d6 11. Rhe1 Nd8 12. e4 Nxe4 13. Nxe4 fxe4 14. Bxe4
Bxe4 15. Qxe4 Rc8 16. Rd2 c5 17. d5 e5 18. Be3 Qf7 19. Rde2 Qf5 20. Nd2 Rb8 21.
g3 b5 22. Qxf5 Rxf5 23. f4 b4 24. fxe5 bxa3 25. bxa3 Rxe5 26. Bf4 Rxe2 27. Rxe2
Kf8 28. Ne4 Rb6 29. Rb2 Nf7 30. g4 Ke8 31. Rxb6 axb6 32. Kc2 Kd7 33. Kb3 h6 34.
Ka4 Kc7 35. Kb5 Kb7 36. Nc3 Bd8 37. Ne4 Be7 38. Bg3 Kc7 39. Nc3 Kb7 40. Ka4 Bf6
1/2-1/2

[Event "Landesklasse Ost 2013/2014"]
[Site "?"]
[Date "2014.02.02"]
[Round "6"]
[White "Seele, Hartmut"]
[Black "Thiemann, Jürgen"]
[Result "1/2-1/2"]
[WhiteElo "1796"]
[BlackElo "1708"]
[PlyCount "57"]
[EventDate "2014.??.??"]
[WhiteTeam "SV Medizin Erfurt"]
[BlackTeam "SV Empor Erfurt"]

1. e4 c6 2. d4 d5 3. Nc3 dxe4 4. Nxe4 Nd7 5. Nf3 Ngf6 6. Ng3 e6 7. Bd3 Bd6 8.
Qe2 O-O 9. O-O Qc7 10. Ne4 Bf4 11. Re1 h6 12. c3 b6 13. Nxf6+ Nxf6 14. Ne5 Bxc1
15. Raxc1 Bb7 16. Ng4 Nxg4 17. Qxg4 c5 18. Re3 cxd4 19. Qxd4 Rad8 20. Qg4 Rd5
21. h4 Rfd8 22. Rg3 Qe5 23. Bc2 Rd2 24. Re3 Qf6 25. Qg3 Qe7 26. Rd3 R2xd3 27.
Bxd3 Qd6 28. Qxd6 Rxd6 29. Rd1 1/2-1/2

[Event "Landesklasse Ost 2013/2014"]
[Site "?"]
[Date "2014.02.02"]
[Round "6"]
[White "Sack, Matthias"]
[Black "Schlierf, Andre"]
[Result "1-0"]
[WhiteElo "1951"]
[BlackElo "1871"]
[PlyCount "41"]
[EventDate "2014.??.??"]
[WhiteTeam "SV Hermsdorf"]
[BlackTeam "TuS Osterburg Weida"]

1. e4 b6 2. d4 Bb7 3. Nc3 e6 4. Nf3 Nf6 5. Bd3 c5 6. O-O Nc6 7. d5 Nb4 8. Bg5
h6 9. Bh4 g5 10. Bg3 Nxd3 11. Qxd3 a6 12. Rad1 Be7 13. Be5 exd5 14. Nxd5 Bxd5
15. exd5 d6 16. Bc3 Qd7 17. Rfe1 O-O 18. h4 g4 19. Rxe7 Qxe7 20. Qf5 Nxd5 21.
Qxg4+ 1-0

[Event "Landesklasse Ost 2013/2014"]
[Site "?"]
[Date "2014.02.02"]
[Round "6"]
[White "Schumann, Robert"]
[Black "Hadlich, Gerald"]
[Result "1/2-1/2"]
[WhiteElo "1838"]
[BlackElo "1794"]
[PlyCount "133"]
[EventDate "2014.??.??"]
[WhiteTeam "TuS Osterburg Weida"]
[BlackTeam "SV Hermsdorf"]

1. d4 d5 2. Nf3 c6 3. e3 Bg4 4. Be2 Nf6 5. c4 e6 6. Nc3 Nbd7 7. O-O Bd6 8. c5
Bc7 9. b4 a6 10. Bd2 O-O 11. Qc2 e5 12. dxe5 Nxe5 13. Nxe5 Bxe5 14. Bd3 h6 15.
Rab1 Bd7 16. Ne2 Re8 17. Bc3 Ng4 18. Bxe5 Rxe5 19. Ng3 Qh4 20. h3 Nxe3 21. fxe3
Qxg3 22. Rf3 Qg5 23. Rbf1 f6 24. e4 Rae8 25. exd5 cxd5 26. Qf2 Re3 27. h4 Rxf3
28. Qxf3 Qe3+ 29. Kh2 Qxf3 30. Rxf3 Re5 31. Kg3 Kf7 32. Kf2 Bc6 33. Rg3 Bd7 34.
Bg6+ Kf8 35. Re3 Ke7 36. Bd3 g5 37. g3 Ke6 38. hxg5 hxg5 39. Rf3 f5 40. g4 fxg4
41. Rg3 Kf6 42. Be2 Re4 43. a3 Ke5 44. Bd3 Rf4+ 45. Ke3 d4+ 46. Ke2 Rf8 47. a4
Kf4 48. Rg1 Re8+ 49. Kd2 Bxa4 50. Rf1+ Kg3 51. Rg1+ Kf3 52. Rf1+ Kg2 53. Rf5
Bc6 54. Rxg5 g3 55. Rg6 Kf2 56. Bxa6 g2 57. Rf6+ Bf3 58. Rxf3+ Kxf3 59. Bxb7+
Kf2 60. Bxg2 Kxg2 61. Kd3 Rb8 62. c6 Kf3 63. Kxd4 Rxb4+ 64. Kd5 Rb1 65. c7 Rc1
66. Kd6 Ke4 67. Kd7 1/2-1/2

[Event "Landesklasse Ost 2013/2014"]
[Site "?"]
[Date "2014.02.02"]
[Round "6"]
[White "Osterroth, Reinhard"]
[Black "Künzel, Andre"]
[Result "0-1"]
[WhiteElo "1877"]
[BlackElo "1900"]
[PlyCount "44"]
[EventDate "2014.??.??"]
[WhiteTeam "SV Hermsdorf"]
[BlackTeam "TuS Osterburg Weida"]

1. d4 Nf6 2. Nf3 d5 3. g3 c6 4. Bg2 Bg4 5. Ne5 Bf5 6. c4 e6 7. Nc3 Nbd7 8. cxd5
exd5 9. Bf4 Qb6 10. Nxd7 Nxd7 11. Qd2 Bb4 12. a3 Qa5 13. O-O Bxc3 14. Qe3+ Be6
15. bxc3 O-O 16. Rfb1 Nb6 17. Qd3 Rfe8 18. e4 dxe4 19. Bxe4 Qh5 20. Bc7 Bc4 21.
Qc2 Nd5 22. Ba5 Nf6 0-1

[Event "Landesklasse Ost 2013/2014"]
[Site "?"]
[Date "2014.02.02"]
[Round "6"]
[White "Heine, Robert"]
[Black "Moje, Hans-Jürgen"]
[Result "1/2-1/2"]
[WhiteElo "1594"]
[BlackElo "1725"]
[PlyCount "37"]
[EventDate "2014.??.??"]
[WhiteTeam "TuS Osterburg Weida"]
[BlackTeam "SV Hermsdorf"]

1. d4 d5 2. Nf3 Nc6 3. e3 Nf6 4. Bd3 g6 5. Nbd2 Bg7 6. c3 b6 7. Bb5 Bd7 8. O-O
Nb8 9. Bd3 c5 10. Re1 cxd4 11. exd4 Nc6 12. Nf1 O-O 13. Bf4 Nh5 14. Qd2 Nxf4
15. Qxf4 e6 16. Re2 Qf6 17. Qxf6 Bxf6 18. Ne5 Nxe5 19. dxe5 1/2-1/2

[Event "Landesklasse Ost 2013/2014"]
[Site "?"]
[Date "2014.02.02"]
[Round "6"]
[White "Hädrich, Dirk"]
[Black "Wagner, Uwe"]
[Result "1/2-1/2"]
[WhiteElo "1792"]
[BlackElo "1710"]
[PlyCount "144"]
[EventDate "2014.??.??"]
[WhiteTeam "SV Hermsdorf"]
[BlackTeam "TuS Osterburg Weida"]

1. d4 Nf6 2. Bg5 e6 3. e3 d5 4. Bd3 Nbd7 5. f4 Be7 6. Nd2 c5 7. c3 b6 8. Qe2
Bb7 9. Ngf3 Ne4 10. Bxe7 Qxe7 11. O-O f5 12. Bb5 O-O 13. Bxd7 Qxd7 14. Ne5 Qe8
15. Nxe4 fxe4 16. g4 a5 17. Qg2 cxd4 18. cxd4 Rc8 19. Rfc1 Qb5 20. Qd2 Rxc1+
21. Rxc1 Rc8 22. Rxc8+ Bxc8 23. Kf2 Ba6 24. Kg3 Qf1 25. Qf2 Qxf2+ 26. Kxf2 Bb5
27. h4 Kf8 28. g5 Be8 29. Ke1 Ke7 30. Kd2 Bb5 31. b3 Be8 32. Kc3 Kd6 33. a3 Bb5
34. Kd2 Ke7 35. Ke1 Be8 36. Kf2 Kd6 37. Kg3 Bh5 38. Kf2 Ke7 39. Ke1 Kd6 40. Kd2
Be8 41. Ng4 Bh5 42. Nh2 Be8 43. Nf1 Bb5 44. Ng3 Ke7 45. f5 exf5 46. Nxf5+ Kf8
47. Ke1 Bd7 48. Ng3 Bg4 49. Kf2 Ke7 50. Nf1 Kd6 51. Kg3 Bd1 52. Nd2 g6 53. Kf4
Ke6 54. b4 axb4 55. axb4 Be2 56. Nb1 Bd3 57. Nc3 b5 58. Kg4 Bc4 59. h5 Bd3 60.
h6 Kd6 61. Kf4 Ke6 62. Nd1 Be2 63. Nf2 Bf3 64. Nh3 Be2 65. Kg3 Bc4 66. Kg4 Be2+
67. Kf4 Bc4 68. Nf2 Be2 69. Nh3 Bc4 70. Ng1 Bf1 71. Kg4 Kd6 72. Kg3 Ke6 1/2-1/2

[Event "Landesklasse Ost 2013/2014"]
[Site "?"]
[Date "2014.02.02"]
[Round "6"]
[White "Urban, Bernd"]
[Black "Markowski, Erhard"]
[Result "1/2-1/2"]
[WhiteElo "1698"]
[BlackElo "1689"]
[PlyCount "50"]
[EventDate "2014.??.??"]
[WhiteTeam "TuS Osterburg Weida"]
[BlackTeam "SV Hermsdorf"]

1. c4 c5 2. Nc3 Nc6 3. g3 Nf6 4. Bg2 e6 5. e4 Be7 6. Nge2 e5 7. O-O d6 8. h3
O-O 9. d3 Ne8 10. f4 f5 11. Nd5 Nd4 12. Kh2 Rb8 13. fxe5 dxe5 14. Nec3 Bd6 15.
Nb5 Nxb5 16. cxb5 Nc7 17. Nc3 Qe7 18. exf5 Bxf5 19. Be4 Be6 20. b3 Rxf1 21.
Qxf1 Rf8 22. Qg2 b6 23. Be3 Qf7 24. Re1 Qd7 25. Bc6 Qf7 1/2-1/2

[Event "Landesklasse Ost 2013/2014"]
[Site "?"]
[Date "2014.02.02"]
[Round "6"]
[White "Bülau, Daniel"]
[Black "Heine, Mario"]
[Result "1/2-1/2"]
[WhiteElo "1495"]
[BlackElo "1698"]
[PlyCount "57"]
[EventDate "2014.??.??"]
[WhiteTeam "SV Hermsdorf"]
[BlackTeam "TuS Osterburg Weida"]

1. e4 d6 2. d4 Nf6 3. Nc3 c6 4. Bd3 e5 5. Nge2 Nbd7 6. O-O Be7 7. Bd2 a5 8.
dxe5 dxe5 9. Ng3 Nc5 10. Be2 O-O 11. Bf3 Qc7 12. Qe2 b5 13. a3 Ba6 14. b4 axb4
15. axb4 Ne6 16. Nf5 Rfd8 17. Rfb1 Nd4 18. Nxd4 Rxd4 19. Nd1 Qd8 20. Bc3 Rc4
21. Rb3 Bb7 22. Rab1 c5 23. Ne3 Rxc3 24. Rxc3 c4 25. Rd1 Qf8 26. Nd5 Bxd5 27.
exd5 Bxb4 28. Re3 Bd6 29. Qe1 1/2-1/2

[Event "Landesklasse Ost 2013/2014"]
[Site "?"]
[Date "2014.02.02"]
[Round "6"]
[White "Lehmann, Volkhard"]
[Black "Schulz, Phillip"]
[Result "1/2-1/2"]
[WhiteElo "1653"]
[BlackElo "1504"]
[PlyCount "61"]
[EventDate "2014.??.??"]
[WhiteTeam "TuS Osterburg Weida"]
[BlackTeam "SV Hermsdorf"]

1. d4 c5 2. e3 Nf6 3. c4 g6 4. Nc3 Bg7 5. Nf3 O-O 6. Bd2 d6 7. d5 e6 8. e4 exd5
9. cxd5 Re8 10. Bd3 Bf5 11. O-O Nxe4 12. Bb5 Nd7 13. Qa4 Nxd2 14. Nxd2 a6 15.
Bxd7 Qxd7 16. Qh4 b5 17. a3 Bxc3 18. bxc3 Re2 19. Nf3 Qe7 20. Qh6 Re8 21. a4
Bg4 22. Ng5 f6 23. Ne6 Bxe6 24. dxe6 Rxe6 25. axb5 axb5 26. g3 Qd7 27. Qd2 Rb8
28. Qd5 Rbe8 29. Ra6 Kg7 30. Rb6 Kh8 31. Rb7 1/2-1/2